Việt sử thông lãm /

Đã lưu trong:
書目詳細資料
主要作者: Vũ Huy Chân
格式: Sách giấy
語言:Vietnamese
出版: Sàigòn : Kim Lai , 1973
標簽: 添加標簽
沒有標簽, 成為第一個標記此記錄!
Thư viện lưu trữ: Thư viện Trường Đại học Đà Lạt
LEADER 00566nam a2200253 4500
001 DLU020014129
005 ##6/25/2000
020 # # |a 978- 
041 # # |a vie 
082 # # |a 959.703  |b VU-C 
090 # # |a 959.703  |b VU-C 
100 # # |a Vũ Huy Chân 
245 # # |a Việt sử thông lãm /  |c Vũ Huy Chân 
260 # # |a Sàigòn :  |b Kim Lai ,  |c 1973 
300 # # |a 146 tr.;   |c 22 cm. 
992 # # |a 6000 
994 # # |a DLU 
900 # # |a False 
911 # # |a Administrator 
925 # # |a G 
926 # # |a A 
927 # # |a SH 
980 # # |a Thư viện Trường Đại học Đà Lạt